LEADER 00932nam a22002651i 4500 001 991004015159707536 005 20030930165120.0 008 031111s1990 fr |||||||||||||||||fre 020 $a2130430201 035 $ab12506953-39ule_inst 035 $aARCHE-054022$9ExL 040 $aDip.to Lingue$bita$cA.t.i. Arché s.c.r.l. Pandora Sicilia s.r.l. 082 04$a841.009 100 1 $aAquien, Michèle$0457799 245 13$aLa versification /$cMichele Aquien 260 $aParis :$bPresses universitaires de France,$c1990 300 $a127 p. ;$c18 cm 440 0$aQue sais-je? ;$v1377 650 4$aLingua francese$xMetrica 907 $a.b12506953$b02-04-14$c13-11-03 912 $a991004015159707536 945 $aLE012 841.09 AQU$g1$i2012000130883$lle012$o-$pE0.00$q-$rl$s- $t0$u0$v0$w0$x0$y.i12944415$z13-11-03 996 $aVersification$9184903 997 $aUNISALENTO 998 $ale012$b13-11-03$cm$da $e-$ffre$gfr $h3$i1 LEADER 01487nas 2200373 n 450 001 990008892440403321 005 20240229084542.0 011 $a0003-2468 035 $a000889244 035 $aFED01000889244 035 $a(Aleph)000889244FED01 035 $a000889244 091 $2CNR$aP 00050541 100 $a20161109a18829999km-y0itaa50------ba 101 0 $afre 102 $aBE 110 $aauu-------- 200 1 $aAnalecta Bollandiana 207 1$a1882- 210 $aParis$cSociété des Bollandistes 326 $aSemestrale 530 0 $aAnalecta Bollandiana 675 $a2 712 02$aSociété des Bollandistes 801 0$aIT$bACNP$c20090723 859 4 $uhttp://acnp.cib.unibo.it/cgi-ser/start/it/cnr/dc-p1.tcl?catno=34364&person=false&language=ITALIANO&libr=&libr_th=unina1$zBiblioteche che possiedono il periodico 901 $aSE 912 $a990008892440403321 958 $aBRAU. Biblioteca di Ricerca di Area Umanistica$b1909;1922-1923;1932-1934;1944;1952-1956;1976-$c1922-1923;1932-1934;1954;1979;$eBELGIO 17$fFLFBC 959 $aFLFBC 996 $aAnalecta Bollandiana$9802028 997 $aUNINA AP1 8 $6866-01$aNA072 BRAU. Biblioteca di Ricerca di Area Umanistica$bBELGIO 17$ePiazza Bellini 56/60, 80133 Napoli (NA)$m(081) 2533948$nit AP2 40$aacnp.cib.unibo.it$nACNP Italian Union Catalogue of Serials$uhttp://acnp.cib.unibo.it/cgi-ser/start/it/cnr/df-p.tcl?catno=34364&language=ITALIANO&libr=&person=&B=1&libr_th=unina&proposto=NO